Muʻjam al-muṣṭalaḥāt al-lughawīyah /

محفوظ في:

مؤلف مشترك: Majmaʿ al-Lughah al-ʿArabīyah (Cairo, Egypt)

التنسيق: كتاب

اللغة: Arabic

الموضوعات:

الوسوم: إضافة وسم

لا توجد وسوم, كن أول من يضع وسما على هذه التسجيلة!

رقم الطلب:

LEADER 01240nam a2200217Ia 4500
005 20200201020354.0
008 130303s1967 ua g 000 0 ara d
110 2 |6 880-01  |a Majmaʿ al-Lughah al-ʿArabīyah (Cairo, Egypt) 
880 2 |6 110-01/(3/r  |a مجمع اللغة العربية (القاهرة، مصر).‪‪‪‪‪‪‪‪‪‪‪‪‪‪‪‪‪‪‪‪‪‪‪‪‪‪‪‪‪‪‪‪‪ 
245 1 0 |6 880-02  |a Muʻjam al-muṣṭalaḥāt al-lughawīyah /  |c Majmaʿ al-Lughah al-ʿArabīyah. 
880 1 0 |6 245-02/(3/r  |a معجم المصطلحات اللغوية /‪‪‪‪‪‪‪‪‪‪‪‪‪‪‪‪‪‪‪‪‪‪‪‪‪‪‪‪‪‪‪‪‪  |c مجمع اللغة العربية.‪‪‪‪‪‪‪‪‪‪‪‪‪‪‪‪‪‪‪‪‪‪‪‪‪‪‪‪‪‪‪‪‪ 
264 1 |a Cairo :  |b Majmaʿ al-Lughah al-ʿArabīyah,c1967. 
300 |a pages ;  |c 24 cm 
336 |a text  |b txt  |2 rdacontent 
337 |a unmediated  |b n  |2 rdamedia 
338 |a volume  |b nc  |2 rdacarrier 
650 0 |a Language sciences.  
650 0 |a Linguistics  |x Dictionaries  |x Arabic. 
952 |0 0  |1 0  |2 lcc  |4 0  |7 1  |9 28979  |a ARCE  |b ARCE  |d 2022-01-25  |l 0  |r 2022-01-25 00:00:00  |w 2022-01-25  |y BK 
999 |c 27125  |d 27125 
942 |c BK  |2 lcc